| 000 | 00863nam a2200169 i 4500 | ||
|---|---|---|---|
| 001 | 189610 | ||
| 003 | SpMaBN | ||
| 005 | 20250627063706.0 | ||
| 008 | 190625s1872 sp |||| | spa d | ||
| 100 | 1 |
_aMalo de Molina, Manuel, _d1843- _9167429 |
|
| 245 | 1 | 0 |
_aBosquejo minero de la sierra de Cartagena _b: memoria premiada e impresa por la Sociedad Económica de Amigos del País de Cartagena / _cManuel Malo de Molina. |
| 260 |
_aCartagena : _b[Sociedad Económica de Amigos del País de Cartagena] : _bImp. y lit. de L. Montells, _c1872. |
||
| 300 |
_a61 p. ; _c26 cm. |
||
| 650 | 4 |
_aMinería- _zMurcia (Comunidad Autónoma) _9167076 |
|
| 852 |
_aES-MaACL _jL-32450(7) _z- Enc. cart. _z. - Legado Federico de Botella y de Hornos _z- Enc. en un vol. facticio, con tít. en el lomo de: España, geología: memorias varias, 3 |
||
| 999 |
_c189610 _d189610 |
||